| 000 | 00718nam a2200217 a 4500 | ||
|---|---|---|---|
| 001 | BRL_319 | ||
| 005 | 20190320210701.0 | ||
| 008 | 290713s1967----mx-a######---#000-0#spa-# | ||
| 041 | _aspa | ||
| 044 | _amx | ||
| 050 | 4 |
_aF1219 _b.C63 1967 |
|
| 245 | 1 | 0 |
_aCódice Mariano Jiménez _bnómina de tributos de los pueblos Otlazpan y Tepexic en geroglífico Azteca y lenguas Castellana y Náhuatl, 1549 _clo publica el Dr. Nicolás León. |
| 260 |
_aMéxico _bINAH _c1967 |
||
| 300 |
_a1 v. (sin paginación) _bil. a color _c32 cm. |
||
| 500 | _aAu2316 | ||
| 650 | 1 | 4 |
_aManuscritos aztecas _xFacsímiles _923535 |
| 650 | 1 | 4 |
_aAztecas _xEscritura _923536 |
| 700 | 1 |
_aLeón, Nicolás _923537 |
|
| 902 | _aGRL | ||
| 942 |
_2lcc _cB |
||
| 999 |
_c9132 _d9132 |
||